000 00323nam a2200109Ia 4500
008 171211s9999 xx 000 0 und d
245 _a200 Love Lessons from the Movies: Staying Moonstruck for Life
245 _cLeslie C. Halpern
260 _c2016
650 _xART
856 _uhttp://down.ebook777.com/061/1630761370.pdf
999 _c348592
_d348592